000 01019nam a22002417a 4500
005 20100906144528.0
008 100906t xxu||||| |||| 00| 0 eng d
010 _aENG-101600
020 _a9788177481327
_c150.00
035 _aEN-85133
037 _bDBAD/PUB
040 _adpl
_bEng
082 _a306.0954
111 _aInternational seminar held at department of sanskrit, Calicut University
_cCalicut University
_d18-19 October, 2005
_918615
245 _aProceedings of the International seminar held at Department of Sanskrit, Calicut University current reading in Arthasastra /
_cedited by C. Rajendran
260 _aCalicut
_bUniversity of Calicut
_c2008
270 _aCalicut
_bCalicut
300 _a224p.
_c21cm (pbk)
700 _918623
710 _aApplied Physics Department, Faculty of Technology and Engineering
_918616
942 _2ddc
_cEN
_mINT
_h306.0954
999 _c48076
_d48076